Criminal justice social work : a South African practice framework (Record no. 218917)

MARC details
000 -LEADER
fixed length control field 00319nam a2200097Ia 4500
082 ## - DEWEY DECIMAL CLASSIFICATION NUMBER
Classification number 364.0968|CRIM
008 - FIXED-LENGTH DATA ELEMENTS--GENERAL INFORMATION
fixed length control field 210817s9999 xx 000 0 und d
100 ## - MAIN ENTRY--PERSONAL NAME
Personal name Holtzhausen, Leon Claremont [South Africa], 2012
9 (RLIN) 67824
245 #0 - TITLE STATEMENT
Title Criminal justice social work : a South African practice framework
942 ## - ADDED ENTRY ELEMENTS
item type Books
Holdings
Withdrawn status Lost status Damaged status Not for loan Home library Current library Date acquired Cost, normal purchase price Total Checkouts Barcode Date last seen Price effective from item type
        Emthonjeni PL (MMID-PLEMA-EMTH) Emthonjeni PL (MMID-PLEMA-EMTH) 18.08.2021 299.00   33228021897010 18.08.2021 18.08.2021 Books